Manufacturing planning and control for supply chain management
Salvato in:
| Autore principale: | |
|---|---|
| Natura: | Libro |
| Lingua: | inglese |
| Pubblicazione: |
New York
McGraw-Hill/Irwin
2005
|
| Edizione: | 5th ed. |
| Soggetti: | |
| Tags: |
Nessun Tag, puoi essere il primo ad aggiungerne!!
|
MARC
| LEADER | 00000nam$a2200000$$$4500 | ||
|---|---|---|---|
| 001 | 0105874 | ||
| 005 | 20240311125319.5 | ||
| 020 | |a 0-07-229990-8 | ||
| 041 | 0 | |a eng | |
| 044 | |a US | ||
| 245 | 1 | 0 | |a Manufacturing planning and control for supply chain management |c Thomas E. Vollmann ... [et al.] |
| 250 | |a 5th ed. | ||
| 264 | 1 | |a New York |b McGraw-Hill/Irwin |c 2005 | |
| 300 | |a xxii, 712 s. | ||
| 610 | 2 | 0 | |a plánovanie výroby |
| 610 | 2 | 0 | |a kontrola výroby |
| 610 | 2 | 0 | |a riadenie výroby |
| 610 | 2 | 0 | |a predaj |
| 610 | 2 | 0 | |a zásobovanie |
| 610 | 2 | 0 | |a distribúcia |
| 100 | 1 | |a Vollmann, Thomas E. | |